00630cam a2200193 i 45000010009000000050017000090080041000260200018000670400013000850820021000982450128001192600036002473000049002836500014003326500024003467000019003707000025003897000022004141798879220180407102542.0140106s2014 enkab b 001 0 eng  a9781119406037 cPK-LaUMT00a306.85223bWIL-04aThe Wiley Blackwell companion to the sociology of families /cedited by Judith Treas, Jacqueline Scott, and Martin Richards aChichester :bJohn Wiley,c2014 axxiii, 574 p. :billustrations. map ;c24 cm 0aFamilies. 0aFamiliesxResearch.1 aTreas, Judith.1 aScott, Jacqueline L.1 aRichards, Martin,